000 00356pam a2200157a 44500
008 230515b1995 xxu||||| |||| 00| 0 eng d
020 _aNULL
041 _aENGL
082 _aKHU/KIT
100 _aKHUDYAKOV Z&KITTELL
245 _aREPAIR OF POWER TRANSFORMERS
250 _aN.D.
260 _aNULL
_bC.B.S
_c1995
300 _a335 PB
650 _aNULL
999 _c659200
_d659200